[Event "Hoorn Romero op"]
[Site "Hoorn"]
[Date "2023.09.03"]
[Round "6"]
[White "Verweij, David"]
[Black "Molenaar, Toine"]
[Result "1-0"]
[WhiteElo "1982"]
[BlackElo "1894"]
[PlyCount "111"]
[EventDate "2023.09.01"]
[EventType "swiss"]
[EventRounds "6"]
[EventCountry "NED"]
[SourceTitle "EXT 2024"]
[Source "ChessBase"]
[SourceDate "2023.10.10"]
[SourceVersion "1"]
[SourceVersionDate "2023.10.10"]
[SourceQuality "1"]

1. Nf3 Nf6 2. g3 g6 3. Bg2 Bg7 4. 0-0 0-0 5. c3 d5 6. d3 c6 7. Nbd2 Na6 8. Qc2 Be6 9. b4 Nc7 10. Bb2 a5 11. a3 Re8 12. e4 dxe4 13. dxe4 Qd7 14. Ne5 Qc8 15. Ndc4 Bxc4 16. Nxc4 axb4 17. Nb6 Qb8 18. Nxa8 bxc3 19. Bxc3 Qxa8 20. a4 Ne6 21. Rfd1 Qa7 22. h3 Qc5 23. Rac1 Ra8 24. Qb3 Qa7 25. a5 Qa6 26. Rb1 Nc5 27. Qb4 Nfd7 28. Bxg7 Kxg7 29. Ra1 Kg8 30. Bf1 Qa7 31. Rdc1 e6 32. Kg2 Qb8 33. Rxc5 Nxc5 34. Qxc5 b6 35. Qxc6 bxa5 36. Bb5 Qd8 37. Qd7 Qf6 38. Rd1 Qe5 39. Bc6 Rb8 40. Qd6 Qxd6 41. Rxd6 Rc8 42. Kf3 Kg7 43. e5 Rb8 44. Rd4 Rb3+ 45. Ke4 g5 46. Rc4 h5 47. Kd4 h4 48. gxh4 gxh4 49. f3 f6 50. Ra4 Rb4+ 51. Rxb4 axb4 52. Ba4 Kg6 53. exf6 Kxf6 54. Ke4 Ke7 55. Ke5 Kf7 56. Bb3 1-0

[Event "Vlissingen HZ op 24th"]
[Site "Vlissingen"]
[Date "2022.08.13"]
[Round "9"]
[White "Molenaar, Toine"]
[Black "Van Kuijk, Vadim"]
[Result "1/2-1/2"]
[WhiteElo "1823"]
[BlackElo "1982"]
[PlyCount "45"]
[EventDate "2022.08.06"]
[EventType "swiss"]
[EventRounds "9"]
[EventCountry "NED"]
[SourceTitle "CBM 209 Extra"]
[Source "ChessBase"]
[SourceDate "2022.09.30"]
[SourceVersion "1"]
[SourceVersionDate "2022.09.30"]
[SourceQuality "1"]

1. d4 d5 2. c4 c6 3. Nf3 Nf6 4. Qb3 dxc4 5. Qxc4 b5 6. Qc2 g6 7. g3 Bf5 8. Qb3 Bg7 9. Nbd2 0-0 10. Bg2 Qb6 11. 0-0 Ne4 12. Nxe4 Bxe4 13. Be3 Bxf3 14. Bxf3 Bxd4 15. Bxd4 Qxd4 16. Rac1 Rc8 17. Qxb5 Nd7 18. Bxc6 Rab8 19. e3 Qd6 20. Rcd1 Qxc6 21. Qxc6 Rxc6 22. Rxd7 Ra6 23. Rxe7 1/2-1/2

[Event "Eindhoven WLC op 12th"]
[Site "Eindhoven"]
[Date "2022.05.14"]
[Round "4"]
[White "De Vries, Leon"]
[Black "Molenaar, Toine"]
[Result "1/2-1/2"]
[WhiteElo "1951"]
[BlackElo "1823"]
[PlyCount "71"]
[EventDate "2022.05.13"]
[EventType "swiss"]
[EventRounds "6"]
[EventCountry "NED"]
[SourceTitle "CBM 208 Extra"]
[Source "ChessBase"]
[SourceDate "2022.07.31"]
[SourceVersion "1"]
[SourceVersionDate "2022.07.31"]
[SourceQuality "1"]

1. d4 d5 2. Nc3 Nf6 3. Bf4 e6 4. Nb5 Na6 5. e3 c6 6. Nc3 Nb8 7. Nf3 Be7 8. h3 0-0 9. Bd3 Nbd7 10. Ne5 c5 11. 0-0 Ne8 12. Nxd7 Bxd7 13. dxc5 Bxc5 14. e4 Qf6 15. Qg4 Qe7 16. exd5 e5 17. Qh5 f5 18. Rae1 e4 19. g4 Qf6 20. Bc4 fxg4 21. d6+ Kh8 22. Qxc5 Qxf4 23. Rxe4 Qxd6 24. Qxd6 Nxd6 25. Rd4 Nxc4 26. Rxd7 gxh3 27. Re1 Rf6 28. Ree7 Rg6+ 29. Kh2 Nxb2 30. Rxb7 Nc4 31. Rxa7 Rb8 32. Nd5 Nd6 33. Nf4 Rf6 34. Nxh3 Nf5 35. Rf7 Rxf7 36. Rxf7 1/2-1/2

[Event "Eindhoven WLC op 12th"]
[Site "Eindhoven"]
[Date "2022.05.14"]
[Round "3"]
[White "Molenaar, Toine"]
[Black "Van Zon, Paul"]
[Result "1/2-1/2"]
[WhiteElo "1823"]
[BlackElo "2000"]
[PlyCount "45"]
[EventDate "2022.05.13"]
[EventType "swiss"]
[EventRounds "6"]
[EventCountry "NED"]
[SourceTitle "CBM 208 Extra"]
[Source "ChessBase"]
[SourceDate "2022.07.31"]
[SourceVersion "1"]
[SourceVersionDate "2022.07.31"]
[SourceQuality "1"]

1. d4 d5 2. c4 c6 3. Nf3 Nf6 4. Qb3 dxc4 5. Qxc4 Nbd7 6. g3 Nb6 7. Qc2 Bg4 8. Nbd2 e6 9. Bg2 Bb4 10. 0-0 0-0 11. a3 Be7 12. b3 Nbd7 13. Bb2 Rc8 14. b4 a5 15. Qb3 b6 16. Rfc1 Nd5 17. Bc3 c5 18. dxc5 bxc5 19. Bb2 cxb4 20. axb4 axb4 21. e3 Nc3 22. Bxc3 bxc3 23. Rxc3 1/2-1/2